[Event "Guillermo Garcia Memorial op 26th"]
[Site "Santa Clara"]
[Date "2017.05.22"]
[Round "7"]
[White "Gil Machina, Roger"]
[Black "Bueno Gauna, Christian Alejandro"]
[Result "1/2-1/2"]
[WhiteElo "1794"]
[BlackElo "2160"]
[PlyCount "64"]
[EventDate "2017.05.16"]
[EventType "swiss"]
[EventRounds "9"]
[EventCountry "CUB"]
[SourceTitle "CBM 178 Extra"]
[Source "ChessBase"]
[SourceDate "2017.06.22"]
[SourceVersion "1"]
[SourceVersionDate "2017.06.22"]
[SourceQuality "1"]

1. e4 c5 2. Nf3 d6 3. Bb5+ Nd7 4. 0-0 a6 5. Bxd7+ Bxd7 6. a4 Nf6 7. e5 dxe5 8. Nxe5 e6 9. d4 Qc7 10. Nxd7 Qxd7 11. dxc5 Bxc5 12. Qxd7+ Kxd7 13. Nc3 Rac8 14. Rd1+ Ke7 15. Bg5 Bb4 16. Na2 Bd6 17. c3 Rhd8 18. Kf1 h6 19. Bh4 g5 20. Bg3 e5 21. Nc1 Nh5 22. Ne2 f5 23. f3 Nxg3+ 24. Nxg3 Kf6 25. Rd5 Be7 26. Rad1 Rxd5 27. Rxd5 Ke6 28. Rd3 Rc4 29. b3 Rh4 30. h3 e4 31. fxe4 fxe4 32. Re3 Ke5 1/2-1/2

[Event "Guillermo Garcia Memorial op 26th"]
[Site "Santa Clara"]
[Date "2017.05.20"]
[Round "5"]
[White "Gil Machina, Roger"]
[Black "Cabrera Gonzalez, Maximo Ariel"]
[Result "1-0"]
[WhiteElo "1794"]
[BlackElo "1906"]
[PlyCount "59"]
[EventDate "2017.05.16"]
[EventType "swiss"]
[EventRounds "9"]
[EventCountry "CUB"]
[SourceTitle "CBM 178 Extra"]
[Source "ChessBase"]
[SourceDate "2017.06.22"]
[SourceVersion "1"]
[SourceVersionDate "2017.06.22"]
[SourceQuality "1"]

1. e4 e5 2. Nf3 Nc6 3. Bb5 a6 4. Bxc6 dxc6 5. 0-0 Bg4 6. d3 Qd6 7. h3 Bh5 8. Be3 0-0-0 9. Nbd2 f6 10. Rb1 g5 11. b4 Bf7 12. a4 Qd7 13. b5 a5 14. b6 Bd6 15. Nb3 Bxb3 16. Rxb3 cxb6 17. Bxb6 Bc7 18. Qd2 Bxb6 19. Rxb6 Qc7 20. Rfb1 Rd7 21. Qxa5 Ne7 22. Qa7 Qb8 23. Qa5 h5 24. Nd2 Rc7 25. Nb3 Ng6 26. Nc5 Rhh7 27. Qb4 Nf4 28. Na6 Qa7 29. Qf8+ Kd7 30. Nc5# 1-0

[Event "Guillermo Garcia Memorial op 26th"]
[Site "Santa Clara"]
[Date "2017.05.19"]
[Round "4"]
[White "Lopez Montero, Manuel Alejandro"]
[Black "Gil Machina, Roger"]
[Result "1/2-1/2"]
[WhiteElo "2128"]
[BlackElo "1794"]
[PlyCount "118"]
[EventDate "2017.05.16"]
[EventType "swiss"]
[EventRounds "9"]
[EventCountry "CUB"]
[SourceTitle "CBM 178 Extra"]
[Source "ChessBase"]
[SourceDate "2017.06.22"]
[SourceVersion "1"]
[SourceVersionDate "2017.06.22"]
[SourceQuality "1"]

1. e4 c6 2. d4 d5 3. exd5 cxd5 4. c4 Nf6 5. Nc3 e6 6. c5 Nc6 7. Bb5 Be7 8. Nf3 0-0 9. 0-0 Qc7 10. Re1 Nd7 11. a3 a5 12. Nxd5 exd5 13. Bxc6 Nxc5 14. Bxd5 Ne6 15. Be3 Rd8 16. Be4 Bf6 17. Qc2 Qxc2 18. Bxc2 Nc7 19. Be4 Be6 20. Rac1 Nd5 21. Bg5 h6 22. Be3 Rac8 23. h3 b6 24. Kf1 g5 25. Kg1 Bg7 26. Bb1 Nf4 27. Bxf4 gxf4 28. Rcd1 Rd6 29. Rd2 Rcd8 30. Red1 Bb3 31. Bc2 Bxc2 32. Rxc2 Bxd4 33. Nxd4 Rxd4 34. Rxd4 Rxd4 35. Kf1 f3 36. gxf3 Rd6 37. Ke2 Kg7 38. Ke3 Kf6 39. Rc4 Ke5 40. Rh4 Kf5 41. Rh5+ Kg6 42. Rb5 Re6+ 43. Kd4 Rf6 44. Ke4 Rc6 45. Kd5 Rf6 46. Ke4 Rc6 47. f4 Re6+ 48. Kd4 Rf6 49. f5+ Rxf5 50. Rxb6+ Kg5 51. Ke3 h5 52. b4 axb4 53. Rxb4 Rc5 54. Rb3 Kh4 55. a4 Ra5 56. Ra3 Kxh3 57. Kf4+ Kg2 58. f3 f5 59. Ra2+ Kh3 1/2-1/2

[Event "Guillermo Garcia Memorial op 26th"]
[Site "Santa Clara"]
[Date "2017.05.17"]
[Round "2"]
[White "Moreno del Pozo, Orlando"]
[Black "Gil Machina, Roger"]
[Result "1-0"]
[WhiteElo "2231"]
[BlackElo "1794"]
[PlyCount "99"]
[EventDate "2017.05.16"]
[EventType "swiss"]
[EventRounds "9"]
[EventCountry "CUB"]
[SourceTitle "CBM 178 Extra"]
[Source "ChessBase"]
[SourceDate "2017.06.22"]
[SourceVersion "1"]
[SourceVersionDate "2017.06.22"]
[SourceQuality "1"]

1. e4 c6 2. Nc3 d5 3. Qf3 dxe4 4. Nxe4 Nd7 5. d4 Ngf6 6. Bc4 e6 7. Bg5 Be7 8. 0-0-0 Nxe4 9. Bxe7 Qxe7 10. Qxe4 Nf6 11. Qe5 0-0 12. Nf3 b5 13. Bd3 Bb7 14. Rhe1 Rfc8 15. Qg3 a6 16. Re5 c5 17. Rg5 Qf8 18. Qh4 g6 19. Ne5 Qg7 20. dxc5 Rxc5 21. Nxf7 Rxg5 22. Nxg5 Bd5 23. Re1 Re8 24. a3 e5 25. Ne4 Nd7 26. Re3 Qe7 27. Qg4 Rf8 28. Nc3 Be6 29. Qg3 Qf6 30. Rf3 Qe7 31. Re3 Qf6 32. Ne4 Qf4 33. Ng5 Qxg3 34. hxg3 Bd5 35. Be4 Bxe4 36. Nxe4 Kf7 37. Ng5+ Ke7 38. f4 h6 39. Nf3 e4 40. Rxe4+ Kf6 41. Rd4 Ke6 42. Nh4 Rf6 43. g4 Ke7 44. f5 Nf8 45. Kd2 g5 46. Nf3 Rd6 47. Ke3 Nd7 48. Rxd6 Kxd6 49. Kd4 a5 50. b3 1-0